000 02858nam a2200421 i 4500
001 193306
003 SpMaBN
005 20250709194043.0
007 ta
008 231102s2005 sp | ||| ||spa
016 7 _abimoBNE19994370464
_2SpMaBN
017 _aB 2756-2005
_bOficina Depósito Legal de Barcelona
020 _a8433966146
035 _a(OCoLC)40162515
035 _abimo0001184955
040 _aSpMaBN
_bspa
_cSpMaBN
_erdc
_dES-MaACL
080 _a821.134.2-82"19"
100 1 _aAlmodóvar, Pedro,
_d1949-
_0XX4578342
_920157
_eaut
245 1 0 _aPatty Diphusa y otros textos /
_cPedro Almodóvar
250 _aCuarta edición ampliada en "Compactos": enero 2005
260 _aBarcelona :
_bAnagrama,
_c2005
300 _a219 páginas ;
_c19 cm
336 _2rdacontent
_aTexto
337 _2rdamedia
_asin mediación
338 _2rdacarrier
_avolumen
490 1 _aCompactos Anagrama ;
_v183
504 _aBibliografía: página [219]
505 0 _aPatty Diphusa ; Relleno ; Consejos para llegar a ser un cineasta de fama internacional
520 _aPatty Diphusa, estrella internacional (eso dice ella) de fotonovelas porno, es invitada por el director de un posmoderno magazine a relatar sus memorias. Patty no duerme nunca, con lo cual tiene muchas cosas que contar. Para ella, todo es noche; sus aventuras, casi siempre relacionadas con todas las variaciones sexuales imaginables y con todo tipo de drogas, le sirven para reflexionar, a su modo, sobre la condición humana. Porque aunque sus relatos estén llenos de felaciones, cunilingus, penetraciones por cualquier orificio, inauguraciones de galerías de arte, discotecas, taxis, fotonovelas porno, etc., en el fondo de todo ello nos encontramos con una muchacha que huye de la soledad, como cualquier persona, dotada de una capacidad inagotable para el placer y de ninguna capacidad para la decepción. Una vitalista implacable. Fraguada en pleno auge de los 80, Patty refleja y distorsiona los días y las noches madrileños, repletos de personajes que parecen un verdadero catálogo de traumas y vicios. Los «otros textos» son una selección de los escritos que Pedro Almodóvar hiciera para diarios y revistas. Sin pretenderlo el autor, todos juntos componen una verdadera autobiografía del director manchego, de su trayectoria, tanto personal como profesional.
830 _9180205
_aCompactos Anagrama ;
_v183
852 _aES-MaACL
_9200746
_bR.154721
_jN-9495
_cDEPOJ
_hDonación: Pedro Almodóvar
_xEncuadernación rústica
903 _920157
_aAlmodóvar, Pedro,
_d1949-
_ednr
942 _n0
_cMONOGRAFIA
999 _c193306
_d193306